[Event "13th EICC"]
[Site "Plovdiv BUL"]
[Date "2012.03.29"]
[Round "9.120"]
[White "Smirnov,Arte"]
[Black "Dragomirescu,R"]
[Result "1-0"]
[WhiteElo "2436"]
[BlackElo "2358"]

1.d4 Nf6 2.c4 g6 3.Nc3 Bg7 4.e4 O-O 5.Nf3 d6 6.Be2 e5 7.O-O Nh5 8.g3 Bh3
9.Re1 exd4 10.Nxd4 Nf6 11.Be3 Nbd7 12.f3 Ne5 13.Qd2 Re8 14.Nd1 c6 15.Nf2 Bd7
16.Bg5 Qb6 17.Be3 Qc7 18.Rac1 a6 19.b4 h5 20.Nb3 Be6 21.Nd4 Bd7 22.Red1 a5
23.b5 c5 24.b6 Qxb6 25.Nb5 Bxb5 26.cxb5 Rad8 27.Qc2 Qc7 28.Bg5 Rc8 29.Kg2 b6
30.Bxf6 Bxf6 31.f4 Nd7 32.Bc4 Bd4 33.Rxd4 cxd4 34.Bxf7+ Kxf7 35.Qxc7 Rxc7
36.Rxc7 Re7 37.Rc4 Ke6 38.Rxd4 Nc5 39.Kf3 Rc7 40.g4 hxg4+ 41.Nxg4 Nd7 42.Ne3 Rc3
43.f5+ gxf5 44.exf5+ Ke7 45.Kf4 Ra3 46.Nd5+ Kf7 47.Re4 Nf6 48.Nxf6 Kxf6 49.Re6+ Kf7
50.Rxd6 Rxa2 51.Rxb6 Rxh2 52.Ra6 a4 53.Ke5 Rb2 54.b6 a3 55.Kd6 a2 56.Kc7  1-0

[Event "13th EICC"]
[Site "Plovdiv BUL"]
[Date "2012.03.29"]
[Round "9.63"]
[White "Brunello,S"]
[Black "Nedev,Tr"]
[Result "1-0"]
[WhiteElo "2587"]
[BlackElo "2492"]

1.d4 Nf6 2.c4 g6 3.Nc3 Bg7 4.e4 d6 5.Nf3 O-O 6.Be2 e5 7.O-O exd4 8.Nxd4 Re8
9.f3 c6 10.Nc2 Na6 11.Be3 d5 12.exd5 cxd5 13.Bf2 dxc4 14.Bxc4 Nc7 15.Nd4 Nd7
16.Qb3 Ne5 17.Rad1 Bd7 18.Be2 b6 19.Rfe1 Qe7 20.f4 Nc6 21.Bf3 Qxe1+ 22.Rxe1 Rxe1+
23.Bxe1 Nxd4 24.Qd1 Re8 25.Bf2 Nce6 26.Bd5 Rd8 27.g3 Bc8 28.Qa4 a6 29.Bxe6 fxe6
30.Qc4 b5 31.Qc7 Rf8 32.Kg2 e5 33.fxe5 Ne6 34.Qb6 Bxe5 35.Nd5 Rf7 36.Qc6 Bd7
37.Qxa6 Ng5 38.Nf4 Rf6 39.Qa8+ Kg7 40.Qb7 Rd6 41.Bc5 Rd2+ 42.Kf1 Bxf4 43.gxf4 Ne6
44.Be3 Rd6 45.b3 Kf6 46.Qe4 Ra6 47.a4  1-0

[Event "13th EICC"]
[Site "Plovdiv BUL"]
[Date "2012.03.30"]
[Round "10.155"]
[White "Kumic,F"]
[Black "Ojagverdiyev,Z"]
[Result "1-0"]
[WhiteElo "2247"]
[BlackElo "2050"]

1.d4 Nf6 2.c4 g6 3.Nc3 Bg7 4.e4 d6 5.Nf3 O-O 6.Be2 e5 7.d5 a5 8.Bg5 Qe8 9.Nd2 Na6
10.g4 Nc5 11.f3 h6 12.Be3 c6 13.Nf1 cxd5 14.cxd5 Bd7 15.a4 b6 16.Ra3 Qe7
17.Qd2 Kh7 18.h4 Ng8 19.Ng3 Qe8 20.Bb5 Bxb5 21.Nxb5 Qd7 22.b3 Ne7 23.h5 g5
24.O-O Rab8 25.Rc1 Rfd8 26.Kg2 Ra8 27.Qe2 Rdb8 28.Rc3 Rb7 29.Ra1 Bf8 30.Rac1 Ng8
31.Nf5 Nf6  1-0

[Event "13th EICC"]
[Site "Plovdiv BUL"]
[Date "2012.03.30"]
[Round "10.91"]
[White "Zoler,D"]
[Black "Baltag,I"]
[Result "1-0"]
[WhiteElo "2541"]
[BlackElo "2420"]

1.d4 Nf6 2.c4 g6 3.Nc3 Bg7 4.e4 d6 5.Nf3 O-O 6.Be2 Nbd7 7.O-O e5 8.Re1 Re8
9.d5 a5 10.Bf1 Nh5 11.Bg5 f6 12.Be3 Bf8 13.a3 Ng7 14.b4 f5 15.Bg5 Be7 16.Bxe7 Qxe7
17.Nb5 Nf6 18.exf5 gxf5 19.Rc1 Qd8 20.c5 Re7 21.Qb3 Kh8 22.bxa5 Nge8 23.Ng5 Ng7
24.cxd6 cxd6 25.Qb4 Nge8 26.Red1 h6 27.Ne6 Bxe6 28.dxe6 Rxe6 29.Bc4 d5 30.Bxd5 Nxd5
31.Qf8+ Kh7 32.Qxf5+ Rg6 33.Qf7+ Ng7 34.Qxd5 Qg5 35.g3 Rxa5 36.Rc8 Re6 37.Rc7 Qg4
38.Rxb7 Rf6 39.Qd7 h5 40.Qxg4 hxg4 41.Rdd7 Rg6 42.Nd6 Kh6 43.Rb8 Kg5 44.Rg8 Ra6  1-0

[Event "European Senior Teams 2012"]
[Site "Rogaska Slatina SLO"]
[Date "2012.03.30"]
[Round "4.15"]
[White "Baumbach,F"]
[Black "Jamieson,P"]
[Result "1/2-1/2"]
[WhiteElo "2258"]
[BlackElo "2251"]

1.d4 Nf6 2.c4 g6 3.Nc3 Bg7 4.e4 O-O 5.Nf3 d6 6.Be2 e5 7.O-O Nbd7 8.Be3 Ng4
9.Bg5 f6 10.Bh4 Nh6 11.Qd2 Nf7 12.Rfd1 c6 13.b4 b6 14.b5 Bb7 15.dxe5 Ndxe5
16.Nd4 Re8 17.f4 c5 18.Nc2 Bh6 19.Qe3 g5 20.Bg3 Ng6 21.f5 g4 22.Qf2 Nge5
23.Ne3 Bxe3 24.Qxe3 Kh8 25.Rd2 Qe7 26.Rad1 Rg8 27.a4 a5  1/2-1/2

[Event "Belgrade Spring Open 2012"]
[Site "Belgrade SRB"]
[Date "2012.03.31"]
[Round "8.9"]
[White "Stefanovic,M"]
[Black "Stamatovic,A"]
[Result "0-1"]
[WhiteElo "2075"]
[BlackElo "2214"]

1.d4 Nf6 2.Nf3 g6 3.c4 Bg7 4.Nc3 O-O 5.e4 d6 6.Be2 Nbd7 7.O-O e5 8.Qc2 exd4
9.Nxd4 Nc5 10.Be3 Ng4 11.Bxg4 Bxg4 12.f3 Bd7 13.Rad1 Re8 14.Nb3 Ne6 15.c5 dxc5
16.Nxc5 Nxc5 17.Bxc5 b6 18.Be3 c6 19.Qd2 Be6 20.Qf2 Qe7 21.h3 Rad8 22.f4 Qb4
23.f5 Bc4 24.fxg6 hxg6 25.Rxd8 Rxd8 26.Nd5 cxd5 27.Qxf7+ Kh7 28.Rf6 dxe4
29.Qxg6+ Kg8 30.Bh6 Qe7 31.Rc6 Rd1+ 32.Kh2 Qe5+  0-1

[Event "TCh-NED Meesterklasse 2011-12"]
[Site "Netherlands NED"]
[Date "2012.03.31"]
[Round "8.8"]
[White "Grooten,H"]
[Black "Hachijan,A"]
[Result "0-1"]
[WhiteElo "2333"]
[BlackElo "2188"]

1.d4 Nf6 2.c4 g6 3.Nc3 Bg7 4.e4 d6 5.Be2 O-O 6.Nf3 e5 7.Be3 Nbd7 8.O-O Re8
9.d5 Nh5 10.g3 Bf8 11.Ne1 Ng7 12.Nd3 Be7 13.Qd2 f5 14.f4 exf4 15.Bxf4 Nf6
16.e5 dxe5 17.Bxe5 Nd7 18.Bf4 Nc5 19.Nb5 Ne4 20.Qc2 Nd6 21.Na3 Bf6 22.c5 Ne4
23.Nb5 g5 24.Bxc7 Qxd5 25.Bf3 Bd7 26.Nd6 Qd4+ 27.Nf2 Nd2 28.Bxb7 Re2 29.Qd1 Qe3
30.Bxa8 Nxf1 31.Qb3+ Qxb3 32.axb3 Nd2 33.c6 Be6 34.Bb8 Bd4 35.c7 Rxf2 36.Kh1 Nf1
37.Bg2 Ne3 38.Nb5 Bb6 39.Bxa7 Bxa7 40.Nxa7 Nxg2 41.Ra6 Ne3  0-1

[Event "TCh-NED Meesterklasse 2011-12"]
[Site "Netherlands NED"]
[Date "2012.03.31"]
[Round "8.5"]
[White "Bosman,M"]
[Black "Van der Weide,K"]
[Result "1/2-1/2"]
[WhiteElo "2342"]
[BlackElo "2449"]

1.d4 Nf6 2.c4 g6 3.Nc3 Bg7 4.e4 d6 5.Nf3 O-O 6.Be2 e5 7.d5 Na6 8.Bg5 h6 9.Bh4 g5
10.Bg3 Nh5 11.h4 g4 12.Nd2 Nxg3 13.fxg3 h5 14.Bd3 c6 15.Qe2 Qb6 16.O-O-O Bd7
17.Rhf1 Nc5 18.Bc2 a5 19.Nb3 Nxb3+ 20.axb3 Qb4 21.dxc6 bxc6 22.Qd2 Rfd8 23.Qxd6 Qxd6
24.Rxd6 Bf8 25.Rd3 Be6 26.Kd2 Bb4 27.Ke3  1/2-1/2

[Event "13th EICC"]
[Site "Plovdiv BUL"]
[Date "2012.03.31"]
[Round "11.93"]
[White "Michalik,P"]
[Black "Braun,Christi2"]
[Result "0-1"]
[WhiteElo "2529"]
[BlackElo "2372"]

1.d4 Nf6 2.c4 g6 3.Nc3 Bg7 4.e4 d6 5.Nf3 O-O 6.Be2 e5 7.O-O Nbd7 8.Be3 Qe7
9.Qc2 c6 10.d5 c5 11.Ne1 h5 12.Bg5 a6 13.Nd3 Qe8 14.Rae1 Nh7 15.Bd2 Qe7 16.a3 h4
17.b4 b6 18.a4 a5 19.bxc5 Nxc5 20.Rb1 f5 21.Nxc5 bxc5 22.exf5 gxf5 23.f4 e4
24.Rb6 Rf6 25.Rfb1 Rg6 26.Kh1 h3 27.g3 e3 28.Be1 Bd7 29.Rb8+ Rxb8 30.Rxb8+ Nf8
31.Nd1 Bxa4 32.Qxf5 Rf6 33.Qd3 Rf7 34.Nxe3 Bd7 35.Bxa5 Qf6 36.Bd8 Qd4 37.Bg5 Qa1+
38.Bf1 Bd4 39.Nc2 Qa7 40.Rd8 Bf5 41.Qe2 Bg7 42.Ne1 Rb7 43.Nd3 Qa1 44.Kg1 Qd4+
45.Nf2 Rb2 46.Qe1 Rxf2 47.Qxf2 Qe4 48.g4 Bxg4 49.Bh6 Bd4  0-1

[Event "13th EICC"]
[Site "Plovdiv BUL"]
[Date "2012.03.31"]
[Round "11.80"]
[White "Shimanov,A"]
[Black "Sharafiev,A"]
[Result "1-0"]
[WhiteElo "2591"]
[BlackElo "2433"]

1.c4 Nf6 2.Nf3 g6 3.Nc3 Bg7 4.e4 d6 5.d4 O-O 6.Be2 e5 7.Be3 h6 8.O-O Ng4
9.Bc1 Nc6 10.d5 Ne7 11.Ne1 f5 12.Bxg4 fxg4 13.Be3 g5 14.c5 Ng6 15.Rc1 Rf7
16.Nb5 Qe8 17.a4 a6 18.Na3 Bf8 19.cxd6 Bxd6 20.Bc5 Rf4 21.Bxd6 cxd6 22.Nc4 Qd8
23.a5 Rb8 24.Rc3 Rxe4 25.g3 Rd4 26.Qb3 Kg7 27.Nb6 Bf5 28.Nc2 h5 29.f3 Bxc2
30.Qxc2 gxf3 31.Rcxf3 Qe8 32.Rf7+ Kh6 33.Qxg6+  1-0

[Event "28th Budapest Spring Festival"]
[Site "Budapest HUN"]
[Date "2012.04.01"]
[Round "7.12"]
[White "Farkas,R"]
[Black "Grimm,D"]
[Result "0-1"]
[WhiteElo "2111"]
[BlackElo "2067"]

1.d4 Nf6 2.c4 g6 3.Nc3 Bg7 4.e4 O-O 5.Nf3 d6 6.Be2 e5 7.d5 a5 8.h3 Na6 9.Be3 Nc5
10.Qc2 Nh5 11.O-O Nf4 12.Bxf4 exf4 13.Rad1 Re8 14.Nd4 Bd7 15.Bg4 Bxg4 16.hxg4 Be5
17.f3 Kg7 18.Kf2 Qh4+ 19.Ke2 Qg3 20.Rf2 Re7 21.Qd2 Qh4 22.Rdf1 Qf6 23.Rd1 Rh8
24.Ncb5 h5 25.gxh5 Rxh5 26.Nc3 Rh2 27.Nc2 Bxc3 28.bxc3 Qg5 29.Qd4+ Kg8 30.Kd2 Rxg2
31.Rh1 f6 32.Ne1 Rxf2+ 33.Qxf2 Rh7 34.Rxh7 Kxh7 35.Qh2+ Qh6 36.Qg1 Qh3 37.Qf2 Kg7
38.Qe2 Qh1 39.Qf2 b6 40.Kc2 Qh3 41.Kd2 g5 42.Qe2 Qh1 43.Kc2 Kg6 44.Kb2 Qxe1  0-1

[Event "TCh-CZE Liga1 Vychod"]
[Site "Czech Rep CZE"]
[Date "2012.04.01"]
[Round "11"]
[White "Obsivac,J"]
[Black "Sevcik,V"]
[Result "1-0"]
[WhiteElo "2274"]
[BlackElo "2247"]

1.d4 Nf6 2.c4 g6 3.Nc3 Bg7 4.e4 d6 5.Nf3 O-O 6.Be2 e5 7.d5 Na6 8.h3 Nc5 9.Qc2 a5
10.Bg5 h6 11.Be3 Nh5 12.g3 f5 13.O-O-O fxe4 14.Nd2 Nd3+ 15.Bxd3 exd3 16.Qxd3 Kh7
17.Nde4 b6 18.Qc2 Qe7 19.Rdg1 Bf5 20.g4 Bxe4 21.Nxe4 Nf4 22.a4 c6 23.dxc6 Rac8
24.Kb1 Rxc6 25.Qb3 Rfc8 26.Rd1 Qe6 27.Qb5 Nxh3 28.Rxh3 Qxg4 29.Rxh6+ Kg8
30.Qd5+ Kf8 31.Rh7 Qf5 32.Ka1 Rxc4 33.Qxd6+ Ke8 34.f3 Rxa4+ 35.Kb1 Qf7 36.Qd5  1-0

[Event "35th San Sebastian Open"]
[Site "Donostia ESP"]
[Date "2012.04.03"]
[Round "5"]
[White "Vazquez Igarza,R"]
[Black "Thomassen,J"]
[Result "1-0"]
[WhiteElo "2566"]
[BlackElo "2400"]

1.d4 Nf6 2.c4 g6 3.Nc3 Bg7 4.e4 d6 5.Nf3 O-O 6.Be2 e5 7.Be3 Na6 8.O-O Ng4
9.Bg5 Qe8 10.dxe5 dxe5 11.Qc1 c6 12.Rd1 f6 13.Bd2 f5 14.h3 Nf6 15.exf5 gxf5
16.Bh6 e4 17.Nd4 Bxh6 18.Qxh6 Qe5 19.c5 Nxc5 20.Bc4+ Be6 21.Qg5+ Kh8 22.Bxe6 Nxe6
23.Qxf5 Qxf5 24.Nxf5 Nc5 25.Nd6 a5 26.Rd4 e3 27.fxe3 b5 28.Rc1 b4 29.Nce4 Ncxe4
30.Nxe4 Nd5 31.Rxc6 Nxe3 32.Rd7 Rad8 33.Rxd8 Rxd8 34.Rc7 Rf8 35.b3 Rf1+ 36.Kh2 Kg8
37.Ra7 Rf4 38.Re7 Nd5 39.Re5 Nc3 40.Nxc3 bxc3 41.Rc5 Rf2 42.Rxa5 Rb2 43.Rc5 c2
44.a4 Kf7 45.a5 Kg6 46.b4 h6 47.Kg3 Rb3+ 48.Kf2 Rb2 49.Ke3 Rxb4 50.Rxc2 Ra4
51.Rc5 Ra2 52.Kf3 Ra3+ 53.Ke4 h5 54.Kd5 Ra2 55.Kc6 Rxg2 56.a6 Ra2 57.Kb6  1-0

[Event "35th San Sebastian Open"]
[Site "Donostia ESP"]
[Date "2012.04.03"]
[Round "5"]
[White "Tratar,M"]
[Black "Argandona Riveiro,I"]
[Result "1-0"]
[WhiteElo "2499"]
[BlackElo "2388"]

1.d4 Nf6 2.Nf3 g6 3.c4 Bg7 4.Nc3 O-O 5.e4 d6 6.Be2 Nbd7 7.O-O e5 8.Qc2 a5
9.Rd1 exd4 10.Nxd4 Nc5 11.Ndb5 Bd7 12.Be3 b6 13.f3 Re8 14.Bf1 Bc6 15.Qd2 Qe7
16.Re1 Ne6 17.Rac1 Qf8 18.b3 Re7 19.Rcd1 h6 20.a3 Kh7 21.Nd5 Nxd5 22.cxd5 Bxb5
23.Bxb5 Nc5 24.Qc2 Qh8 25.b4 axb4 26.axb4 Nb7 27.Qc4 Ra3 28.Rd3 Rxd3 29.Qxd3 Bc3
30.Bd2 Qd4+ 31.Qxd4 Bxd4+ 32.Kf1 Nd8 33.g3 Bg7 34.Rc1 f6 35.Kf2 Nf7 36.f4 h5
37.Kf3 Nh6 38.Bd3 f5 39.Re1 Bf6 40.h3 Kg7 41.exf5 Rxe1 42.Bxe1 gxf5 43.Bb5 Ng8
44.Bd7 Ne7 45.Be6 Kg6 46.g4 hxg4+ 47.hxg4 fxg4+ 48.Kxg4 Bb2 49.b5 Kg7 50.f5 Ng8
51.Bxg8 Kxg8 52.Bh4 Kf7 53.Bd8 Bd4 54.Bxc7 Bc5 55.Bd8 Ke8 56.Bg5 Kf7 57.Kf3 Kg7
58.Be3 Bxe3 59.Kxe3 Kh6 60.Kf4 Kh5 61.f6 Kg6 62.f7 Kg7 63.Kg5  1-0

[Event "Semana Santa LAB Open"]
[Site "Bogota COL"]
[Date "2012.04.04"]
[Round "2"]
[White "Cespedes,Ja"]
[Black "Jaramillo Ochoa,M"]
[Result "0-1"]
[WhiteElo "2190"]
[BlackElo "1963"]

1.d4 Nf6 2.c4 g6 3.Nc3 Bg7 4.e4 d6 5.Nf3 O-O 6.Be2 e5 7.d5 a5 8.O-O Na6 9.b3 Nc5
10.Nd2 Nfd7 11.a3 f5 12.f3 Bh6 13.Rb1 Be3+ 14.Kh1 f4 15.b4 axb4 16.axb4 Na6
17.Ba3 Qh4 18.c5 Naxc5 19.bxc5 Rxa3 20.Nb5 Ra2 21.Nc4 Nxc5 22.Nxe3 fxe3 23.Nxc7 Bd7
24.Re1 Qf2 25.Ne6 Rd2  0-1

[Event "39th La Roda Open"]
[Site "La Roda ESP"]
[Date "2012.04.04"]
[Round "1"]
[White "Lalic,B"]
[Black "Martin Garcia,Guillermo"]
[Result "1/2-1/2"]
[WhiteElo "2469"]
[BlackElo "1962"]

1.Nf3 Nf6 2.c4 g6 3.Nc3 Bg7 4.e4 d6 5.d4 O-O 6.Be2 Nbd7 7.O-O e5 8.Qc2 exd4
9.Nxd4 h6 10.Be3 Re8 11.Rad1 Nc5 12.f3 Qe7 13.b4 Ne6 14.Nb3 Nf8 15.Rfe1 g5
16.Bf1 Ng6 17.a3 Nd7 18.Nd4 Nb6 19.Ndb5 Be5 20.Bxb6 Bxc3 21.Nxc7 Bxe1 22.Nxa8 axb6
23.Rxe1 Qe5 24.Nxb6 g4 25.Nd5 gxf3 26.gxf3 Be6 27.Rd1 Bxd5 28.Rxd5 Qf4 29.Qf2 Re5
30.a4 Kh7 31.a5 Rg5+ 32.Rxg5 Qxg5+ 33.Kh1 Qc1 34.c5 dxc5 35.bxc5 Nf4 36.h4 Nd3
37.Qg1 Nxc5 38.Be2 Qc3 39.Kh2 Qxa5 40.Bc4 Ne6 41.Kg2  1/2-1/2

[Event "39th La Roda Open"]
[Site "La Roda ESP"]
[Date "2012.04.04"]
[Round "1"]
[White "Cruz,Cr"]
[Black "Sanchez Sanchez,A"]
[Result "1-0"]
[WhiteElo "2508"]
[BlackElo "1980"]

1.d4 Nf6 2.c4 g6 3.Nc3 Bg7 4.e4 d6 5.Nf3 O-O 6.Be2 e5 7.d5 a5 8.g3 Na6 9.Nh4 Qe8
10.O-O Bd7 11.Be3 h6 12.f3 b6 13.Qd2 Kh7 14.b3 Nc5 15.Rab1 Nh5 16.Bd1 f5
17.exf5 gxf5 18.Bc2 e4 19.fxe4 Qe5 20.exf5 Nxg3 21.f6+ Kg8 22.hxg3 Qxg3+
23.Ng2 Rxf6 24.Rxf6 Bxf6 25.Bxc5 Bxc3 26.Qxh6 Bg7 27.Qh7+ Kf7 28.Bg6+ Qxg6
29.Rf1+  1-0

[Event "6th Philadelphia Open"]
[Site "Philadelphia USA"]
[Date "2012.04.04"]
[Round "1.4"]
[White "Kacheishvili,G"]
[Black "Markzon,G"]
[Result "1-0"]
[WhiteElo "2612"]
[BlackElo "2227"]

1.d4 Nf6 2.c4 g6 3.Nc3 Bg7 4.e4 d6 5.Nf3 O-O 6.Be2 e5 7.O-O exd4 8.Nxd4 Re8
9.f3 c6 10.Bf4 Nh5 11.Be3 f5 12.Qd2 f4 13.Bf2 Be5 14.Rfd1 Qf6 15.b4 Be6 16.Rac1 Bf7
17.Nb3 Qe7 18.Na4 Nd7 19.Nb2 d5 20.Rc2 Ng3 21.cxd5 Nxe2+ 22.Qxe2 cxd5 23.exd5 Nb6
24.Qb5 Rad8 25.Bxb6 axb6 26.Re2 Qf6 27.Nc4 Bc3 28.Rxe8+ Rxe8 29.Qxb6 Qg5
30.Qf2 Bxd5 31.Qc5 Qh4 32.Qxd5+ Kh8 33.Qd3 Kg7  1-0

[Event "Semana Santa LAB Open"]
[Site "Bogota COL"]
[Date "2012.04.05"]
[Round "4"]
[White "Gomez Calderon,V"]
[Black "Castillejo,Angela Maria"]
[Result "1-0"]
[WhiteElo "1825"]
[BlackElo "2019"]

1.d4 Nf6 2.c4 g6 3.Nc3 Bg7 4.e4 O-O 5.Nf3 d6 6.Be2 e5 7.d5 Nbd7 8.O-O Nc5
9.Qc2 a5 10.b3 h6 11.a3 Nh5 12.Bb2 f5 13.b4 axb4 14.axb4 Rxa1 15.Rxa1 Na6
16.Ba3 Qe7 17.c5 fxe4 18.Nxe4 Bf5 19.Nfd2 Nf4 20.Bf1 Kh8 21.cxd6 cxd6 22.b5 Nc5
23.Bxc5 dxc5 24.Qxc5 Qxc5 25.Nxc5 e4 26.Ra7 Bd4 27.Ndb3 Bxc5 28.Nxc5  1-0

[Event "16th Neckar Open"]
[Site "Deizisau GER"]
[Date "2012.04.05"]
[Round "1.11"]
[White "Perunovic,Mil"]
[Black "Juergens,Ka"]
[Result "1-0"]
[WhiteElo "2582"]
[BlackElo "2120"]

1.d4 Nf6 2.c4 g6 3.Nc3 Bg7 4.e4 d6 5.Nf3 O-O 6.Be2 e5 7.O-O Nh5 8.Bg5 f6
9.Be3 Nf4 10.Re1 Nxe2+ 11.Qxe2 Bg4 12.h3 Bxf3 13.Qxf3 exd4 14.Bxd4 Nc6 15.Be3 f5
16.exf5 Rxf5 17.Qd1 Bxc3 18.bxc3 Qf8 19.c5 Qf7 20.cxd6 Rd5 21.Qb3 cxd6 22.Rab1 b6
23.Qa4 Rc8 24.Rbd1 Ra5 25.Qg4 Re8 26.Rxd6 Ne5 27.Qh4 Nc4 28.Rd8 Re5  1-0

[Event "39th La Roda Open"]
[Site "La Roda ESP"]
[Date "2012.04.05"]
[Round "3"]
[White "Pinho,P"]
[Black "Movsziszian,K"]
[Result "0-1"]
[WhiteElo "2143"]
[BlackElo "2483"]

1.d4 g6 2.c4 Bg7 3.e4 d6 4.Nc3 Nf6 5.Nf3 O-O 6.Be2 Nbd7 7.O-O e5 8.Qc2 c6
9.d5 c5 10.Bg5 h6 11.Bd2 Ne8 12.g3 Ndf6 13.Nh4 Nh7 14.a3 Ng5 15.b4 b6 16.Kh1 Nh3
17.Bd3 h5 18.Ng2 Nf6 19.f3 Qe7 20.Nd1 Kh7 21.a4 Rb8 22.a5 cxb4 23.Bxb4 Bh6
24.axb6 axb6 25.Nc3 Nd7 26.Rfb1 Rb7 27.Ra8 Nc5 28.Bf1 Ng5 29.Nh4 Kh8 30.Qa2 Nh7
31.Nb5 Bg5 32.Ng2 f5 33.Na7 Bd7 34.Rxf8+ Qxf8 35.Bxc5 dxc5 36.f4 Bf6 37.Nc6 Qe8
38.fxe5 Bxe5 39.exf5 Bxc6 40.dxc6 Qxc6 41.fxg6 Ng5 42.Bd3 Rd7 43.Qe2 Bf6
44.Bf5 Rd4 45.Re1 Kg7 46.Qxh5 Rd2 47.Be4 Qe8 48.Nh4 Rf2  0-1

[Event "39th La Roda Open"]
[Site "La Roda ESP"]
[Date "2012.04.05"]
[Round "3"]
[White "Lalic,B"]
[Black "Villasenor Rubio,E"]
[Result "1-0"]
[WhiteElo "2469"]
[BlackElo "2136"]

1.d4 Nf6 2.Nf3 g6 3.c4 Bg7 4.Nc3 O-O 5.e4 d6 6.Be2 e5 7.Be3 Ng4 8.Bg5 f6
9.Bh4 Nc6 10.d5 Ne7 11.Nd2 Nh6 12.f3 g5 13.Bf2 f5 14.exf5 Nhxf5 15.Bd3 Nd4
16.Nb3 Nef5 17.O-O h5 18.Be4 Bd7 19.Nxd4 Nxd4 20.Ne2 Nxe2+ 21.Qxe2 Qe7 22.b4 Bh6
23.Be3 Qg7 24.Qd2 Rf6 25.a4 Raf8 26.c5 g4 27.Bxh6 Rxh6 28.fxg4 hxg4 29.Rxf8+ Kxf8
30.cxd6 cxd6 31.Qf2+ Qf6 32.Qxa7 Qh4 33.Qf2+ Qxf2+ 34.Kxf2 Rxh2 35.b5 Ke7
36.Rc1 Rh8 37.Rc7 Rc8 38.Rxd7+ Kxd7 39.Bf5+ Kc7 40.Bxc8 Kxc8 41.b6  1-0

[Event "O2C Doeberl Cup Premier 2012"]
[Site "Canberra AUS"]
[Date "2012.04.06"]
[Round "3.16"]
[White "Liu,Yi"]
[Black "Chan Yi Ren,D"]
[Result "1/2-1/2"]
[WhiteElo "2116"]
[BlackElo "2342"]

1.d4 Nf6 2.c4 d6 3.Nf3 g6 4.Nc3 Bg7 5.e4 O-O 6.Be2 e5 7.O-O exd4 8.Nxd4 Re8
9.f3 Nc6 10.Be3 Nh5 11.Qd2 Nxd4 12.Bxd4 Nf4 13.Rfd1 Nxe2+ 14.Nxe2 Bxd4+ 15.Nxd4 Bd7
16.b3 a6 17.a4 Qe7 18.Rac1 Rad8 19.Rc3 Qe5 20.Ne2 Bc8 21.Nf4 Kg7 22.Nd5 c6
23.Ne3 f5 24.exf5 Bxf5 25.Nxf5+ Qxf5 26.Qd4+ Kg8 27.Re3 Rxe3 28.Qxe3 Qf7
29.Qg5 Rd7 30.h4 Qe6 31.Rd4 d5 32.cxd5 cxd5 33.h5 Rd6 34.Kf2 Rd7 35.Kf1 a5
36.Rd2 d4 37.Re2 Qxb3 38.Qf4 Qf7 39.Qb8+ Kg7 40.Qe5+ Kg8 41.Qb8+ Kg7 42.Qe5+ Kg8  1/2-1/2

[Event "23rd Lenk Open"]
[Site "Lenk SUI"]
[Date "2012.04.06"]
[Round "2.3"]
[White "Huss,A"]
[Black "Javet,B"]
[Result "1-0"]
[WhiteElo "2304"]
[BlackElo "2072"]

1.d4 Nf6 2.c4 g6 3.Nf3 Bg7 4.Nc3 O-O 5.e4 d6 6.Be2 e5 7.d5 a5 8.Bg5 h6 9.Bh4 Na6
10.Nd2 Bd7 11.O-O Qc8 12.a3 Nh7 13.f3 f5 14.Bf2 f4 15.Rb1 Bf6 16.b4 axb4
17.axb4 h5 18.c5 h4 19.c6 bxc6 20.dxc6 Be6 21.Bc4 h3 22.Bxe6+ Qxe6 23.Qb3 Qxb3
24.Rxb3 hxg2 25.Ra1 Ng5 26.Rba3 Rab8 27.Rxa6 Rxb4 28.Kxg2 Ne6 29.Nd5 Rb2
30.R1a2 Rxa2 31.Rxa2 Kf7 32.Ra7 Rc8 33.Nc4 Be7 34.Bb6  1-0

[Event "ch-CHN w 2012"]
[Site "Xinghua CHN"]
[Date "2012.04.06"]
[Round "10"]
[White "Guo Qi"]
[Black "Ju Wenjun"]
[Result "0-1"]
[WhiteElo "2351"]
[BlackElo "2557"]

1.d4 Nf6 2.Nf3 g6 3.c4 Bg7 4.Nc3 O-O 5.e4 d6 6.Be2 e5 7.O-O exd4 8.Nxd4 Re8
9.f3 c6 10.Be3 d5 11.cxd5 Nxd5 12.Nxd5 cxd5 13.Rc1 Nc6 14.Nxc6 bxc6 15.Rxc6 Bb7
16.Rc2 dxe4 17.f4 Qe7 18.f5 Rac8 19.Bc4 Rxc4 20.Rxc4 Ba6 21.b3 Bxc4 22.bxc4 Rd8
23.Qa4 gxf5 24.Qxa7 Qxa7 25.Bxa7 Ra8 26.Be3 Ra3 27.Bc5 Rxa2 28.Rxf5 Rc2 29.Rd5 h6
30.Bd4 Rxc4 31.Bxg7 Kxg7 32.Kf2 Rc2+ 33.Kf1 Kg6 34.g4 Rxh2 35.Re5 Rh4 36.Rxe4 Kg5
37.Re7 Kf6 38.Re4 h5 39.g5+ Kxg5 40.Re8 Rg4 41.Kf2 Ra4 42.Kg3 Ra3+ 43.Kg2 f5
44.Rb8 Kg4 45.Rg8+ Kf4 46.Rb8 Re3 47.Rb4+ Re4 48.Rb8 Re2+ 49.Kh3 Kf3 50.Rb5 Kf4
51.Ra5 Re5 52.Ra4+ Kf3 53.Ra3+ Re3 54.Ra5 f4 55.Rxh5 Kf2+ 56.Kh2 f3 57.Ra5 Kf1
58.Ra1+ Re1 59.Ra3 f2 60.Ra2 Re8 61.Ra1+ Ke2 62.Ra2+ Kf3 63.Ra3+ Re3  0-1

[Event "O2C Doeberl Cup Premier 2012"]
[Site "Canberra AUS"]
[Date "2012.04.07"]
[Round "5.13"]
[White "Liu,Yi"]
[Black "Ikeda,J"]
[Result "1-0"]
[WhiteElo "2116"]
[BlackElo "2373"]

1.d4 Nf6 2.c4 g6 3.Nc3 Bg7 4.Nf3 O-O 5.e4 d6 6.Be2 e5 7.dxe5 dxe5 8.Qxd8 Rxd8
9.Bg5 Re8 10.O-O-O Bd7 11.c5 a5 12.Nb5 Bxb5 13.Bxb5 c6 14.Bxf6 Bxf6 15.Bc4 a4
16.b4 axb3 17.axb3 Ra5 18.Kb2 Na6 19.Rd7 Re7 20.Rd6 Kg7 21.Bxa6 Rxa6 22.Rhd1 Re8
23.Rd7 Rb8 24.Nd2 b6 25.Nc4 bxc5 26.Nd6 Rf8 27.Nb7 Rb6 28.Nxc5 Re8 29.Rc7 Be7
30.Na4 Rb4 31.Rdd7 Kf8 32.f3 Rd4 33.Rxd4 exd4 34.Rxc6 Rd8 35.Nb6 Bg5 36.Rc8 Rxc8
37.Nxc8 Bf4 38.h3 Kg7 39.Kc2 Kf6 40.Kd3 Kg5 41.b4 Kh4 42.Kxd4 f6 43.b5 Kg3
44.Nb6 Kxg2 45.Nd7 Kxh3 46.Nxf6  1-0

[Event "6th Philadelphia Open"]
[Site "Philadelphia USA"]
[Date "2012.04.07"]
[Round "6.8"]
[White "Gerzhoy,L"]
[Black "Naroditsky,D"]
[Result "0-1"]
[WhiteElo "2489"]
[BlackElo "2479"]

1.d4 Nf6 2.c4 g6 3.Nc3 Bg7 4.e4 d6 5.Nf3 O-O 6.Be2 e5 7.O-O Na6 8.Bg5 h6
9.Bh4 exd4 10.Nxd4 Nc5 11.f3 c6 12.Kh1 a5 13.b3 Re8 14.Rb1 Ne6 15.Nxe6 Bxe6
16.Rc1 Qd7 17.Qd2 Nh5 18.Rfd1 g5 19.Bf2 Nf4 20.Bf1 Be5 21.g3 Ng6 22.Ne2 Bh3
23.Nd4 Bxf1 24.Rxf1 Qh3 25.Nf5 Ne7 26.Ne3 f5 27.exf5 Nxf5 28.Nxf5 Qxf5 29.Kg2 Rf8
30.Bg1 a4 31.b4 Rae8 32.Qc2 Bg7 33.Qxf5 Rxf5 34.Rcd1 d5 35.cxd5 Rxd5 36.Rxd5 cxd5
37.Rf2 Bc3 38.Rc2 d4 39.Bf2 Rd8 40.b5 d3 41.Rc1 d2 42.Rd1 Re8 43.Kf1 Kf7
44.g4 Re5 45.b6 Re6 46.Rb1 Ke7 47.h4 Kd6  0-1

[Event "Karposh Open 2012"]
[Site "Skopje MKD"]
[Date "2012.04.07"]
[Round "1.41"]
[White "Nikolov,Sas"]
[Black "Djordjevski,J"]
[Result "1-0"]
[WhiteElo "2397"]
[BlackElo "1936"]

1.d4 Nf6 2.c4 g6 3.Nc3 Bg7 4.e4 d6 5.Nf3 O-O 6.Be2 e5 7.O-O Nbd7 8.Qc2 c6
9.Rd1 Qe7 10.Bf1 exd4 11.Nxd4 Nc5 12.f3 a5 13.Bg5 h6 14.Bh4 Rd8 15.Rd2 Ne6
16.Rad1 Nf4 17.Na4 Be6 18.c5 g5 19.Nxe6 Qxe6 20.Rxd6 Rxd6 21.Rxd6 Qe5 22.Bg3 Bf8
23.Rd1 h5 24.Qc3 Qe7 25.h4 Nxe4 26.fxe4 Qxe4 27.Qd4 Re8 28.hxg5  1-0

[Event "O2C Doeberl Cup Premier 2012"]
[Site "Canberra AUS"]
[Date "2012.04.08"]
[Round "7.13"]
[White "Bai,Jinshi"]
[Black "Ikeda,J"]
[Result "1-0"]
[WhiteElo "2231"]
[BlackElo "2373"]

1.d4 Nf6 2.c4 g6 3.Nc3 Bg7 4.e4 d6 5.Nf3 O-O 6.Be2 Nbd7 7.O-O e5 8.Be3 exd4
9.Nxd4 Re8 10.f3 c6 11.Qd2 Qe7 12.Bg5 Qf8 13.Rad1 h6 14.Bh4 Nb6 15.Rfe1 Be6
16.b3 Rad8 17.f4 Bc8 18.Bf3 Nbd7 19.Qf2 Nh7 20.Bxd8 Rxd8 21.Rd2 Qe7 22.Red1 Ndf6
23.h3 g5 24.e5 Ne8 25.exd6 Rxd6 26.Ne4 Rg6 27.Bh5 Nf8 28.Bxg6 Nxg6 29.Ng3 Kh7
30.Ndf5 Bxf5 31.Nxf5 Qf6 32.Nxg7 Kxg7 33.fxg5 Qxg5 34.Rf1 Ne5 35.Qf4  1-0

[Event "39th La Roda Open"]
[Site "La Roda ESP"]
[Date "2012.04.08"]
[Round "9"]
[White "Iruzubieta Villaluenga,J"]
[Black "Movsziszian,K"]
[Result "1/2-1/2"]
[WhiteElo "2391"]
[BlackElo "2483"]

1.d4 Nf6 2.c4 g6 3.Nc3 Bg7 4.e4 d6 5.Nf3 O-O 6.Be2 Nbd7 7.O-O e5 8.Be3 Re8
9.dxe5 dxe5 10.Qc2 c6 11.b4 Nf8 12.Rfd1 Qc7 13.Bc5 Bg4 14.Bd6 Qc8 15.Rac1 N8d7
16.Nd2 Bxe2 17.Nxe2  1/2-1/2

[Event "6th Philadelphia Open"]
[Site "Philadelphia USA"]
[Date "2012.04.08"]
[Round "8.8"]
[White "Sarkar,J"]
[Black "Naroditsky,D"]
[Result "1/2-1/2"]
[WhiteElo "2391"]
[BlackElo "2479"]

1.d4 Nf6 2.c4 g6 3.Nc3 Bg7 4.e4 d6 5.Nf3 O-O 6.Be2 e5 7.O-O exd4 8.Nxd4 Re8
9.f3 c6 10.Bf4 Nh5 11.Be3 f5 12.Qd2 f4 13.Bf2 Nd7 14.Rfd1 Be5 15.b4 Qe7 16.a3 Ng7
17.Rac1 Nf6 18.Nc2 g5 19.c5 dxc5 20.Bxc5 Qf7 21.Ne1 Be6 22.Nd3 Bc7 23.e5 Nd7
24.Ne4 h6 25.Nd6 Bxd6 26.exd6 Nf5 27.Nb2 Bd5 28.Bc4 Nf6 29.Bd3 Ne3 30.Re1 g4
31.Bxe3 fxe3 32.Rxe3 gxf3 33.Rxe8+ Rxe8 34.gxf3 Qg7+ 35.Qg2 Bxf3 36.Qxg7+ Kxg7
37.Nc4 Rd8 38.Re1 b5 39.Re7+ Kf8 40.Ne5 Rxd6 41.Rf7+ Kg8 42.Rxa7 Bd5 43.Ra8+ Kg7
44.Ra7+ Kg8 45.Bf5 Be6 46.Ra8+ Kg7 47.Ra7+ Kg8 48.Ng6 Bf7 49.Ne5 Be6 50.Bxe6+ Rxe6
51.Nf3 Nd5 52.Kf2 Rf6 53.Kg3 Rg6+ 54.Kf2 Rf6 55.Kg3 Rg6+ 56.Kf2  1/2-1/2

[Event "Karposh Open 2012"]
[Site "Skopje MKD"]
[Date "2012.04.09"]
[Round "4.6"]
[White "Drenchev,P"]
[Black "Markus,Rob"]
[Result "1/2-1/2"]
[WhiteElo "2499"]
[BlackElo "2625"]

1.d4 Nf6 2.c4 g6 3.Nc3 Bg7 4.e4 d6 5.Nf3 O-O 6.Be2 e5 7.O-O exd4 8.Nxd4 Re8
9.f3 c6 10.Kh1 Nh5 11.g4 Nf6 12.Bf4 h5 13.g5 Nh7 14.Qd2 Qe7 15.Rad1 Nd7 16.Rg1 Ne5
17.Be3 Nf8  1/2-1/2